| 000 | 00630nam a2200253 a 4500 | ||
|---|---|---|---|
| 003 | AR-BaBNM | ||
| 005 | 20251128210906.0 | ||
| 008 | 082120s2002 ||||||||||||||000 | spa|| | ||
| 040 | _cAR-BaBNM | ||
| 100 | 1 | _aGirri, Alberto | |
| 245 | 0 | 0 |
_aObra poética _n3 |
| 250 | _a1ª ed. | ||
| 260 |
_aBuenos Aires _bEdiciones Corregidor _c1980 |
||
| 300 | _a355 p. | ||
| 490 | 0 |
_aBiblioteca de poesía _vv. 1300 |
|
| 650 | 4 | _aLITERATURA ARGENTINA | |
| 650 | 4 | _aANTOLOGIAS | |
| 650 | 4 | _aPOESIA | |
| 650 | 4 | _aLITERATURA CONTEMPORANEA | |
| 653 | _aINFLUENCIA CLASICA | ||
| 655 | _aLITERATURA | ||
| 942 | _cBK | ||
| 998 | _cMARTIN | ||
| 999 |
_c17327 _d17327 |
||